Đánh giá rủi ro sức khỏe và đánh giá rủi ro sinh thái

Những kiến thức cơ bản về đánh giá rủi ro sức khoẻ con người và mô hình đánh giá rủi ro hệ sinh thái do sự hiện diện hoặc sử dụng các vật chất gây ô nhiễm như: khi phơi nhiễm không khí ô nhiễm, sản xuất và sử dụng thuốc trừ sâu, nu...

ver descrição completa

Na minha lista:
Detalhes bibliográficos
Autor principal: Lê, Thị Hồng Trân
Formato: Livro
Idioma:Undetermined
Publicado em: Hà Nội Khoa học và Kỹ thuật 2008
Assuntos:
Tags: Adicionar Tag
Sem tags, seja o primeiro a adicionar uma tag!
Thư viện lưu trữ: Trung tâm Học liệu Trường Đại học Cần Thơ
LEADER 01092nam a2200217Ia 4500
001 CTU_161961
008 210402s9999 xx 000 0 und d
020 |c 68000 
082 |a 363.7397 
082 |b Tr121 
100 |a Lê, Thị Hồng Trân 
245 0 |a Đánh giá rủi ro sức khỏe và đánh giá rủi ro sinh thái 
245 0 |c Lê Thị Hồng Trân 
260 |a Hà Nội 
260 |b Khoa học và Kỹ thuật 
260 |c 2008 
520 |a Những kiến thức cơ bản về đánh giá rủi ro sức khoẻ con người và mô hình đánh giá rủi ro hệ sinh thái do sự hiện diện hoặc sử dụng các vật chất gây ô nhiễm như: khi phơi nhiễm không khí ô nhiễm, sản xuất và sử dụng thuốc trừ sâu, nước thải bệnh viện 
650 |a Pollution,Ô nhiễm 
650 |x Environmental aspects,Khía cạnh môi trường 
904 |i Thoa, Hải 
980 |a Trung tâm Học liệu Trường Đại học Cần Thơ